00727nam a2200205 a 4500001001000000003000900010005001700019008004100036020001800077040002500095100003700120245012400157260003800281300002700319490001300346500005500359504003000414700002800444710004900472000043549DO-SdBNP20250625103427.0140325s2013 dr 000 0 spa d a9789945412857 aDO-SdBNPbspacBNPHU1 aFernández Rozas, José Carlos10aSistema de arbitraje comercial de la República Dominicana /cJosé Carlos Fernández Rozas, Nathanael Concepción. aSanto Domingo :bFUNGLODE,c2013. a389 [430] p. ;c23 cm.0 aFUNGLODE aIncluye datos biográficos del autor en la solapa aBibliografía 391-430 P.12aConcepción, Nathanael2 aFundación Global Democracía y Desarrollo